Intoxicaciones alimentarias de etiología microbiana /

Contenido: Introducción; Intoxicación alimentaria de origen bacteriano y de carácter infeccioso; Intoxicación alimentaria de origen microbiano y de carácter tóxico; Otras bacterias patógenas; Hongos micotoxigénicos; Virus y protozoos; Diagnóstico laboratorial; Epidemiología; Control microbiológicos...

Descripció completa

Guardat en:
Dades bibliogràfiques
Autor principal: Eley, Adrian R. (ed.)
Format: Llibre
Idioma:espanyol
Publicat: Zaragoza, España : Acribia, 1994, c1994
Matèries:
Etiquetes: Afegir etiqueta
Sense etiquetes, Sigues el primer a etiquetar aquest registre!

MARC

LEADER 00000nam^a2200000^a^4500
001 000184150
005 20250521000000.0
009 20260310102105.401
020 |a 84-200-0762-5 
037 |a Acervo ITESO - Biblioteca 
041 |a ESP 
082 |a 664. 001576  |b ELE 
100 |a Eley, Adrian R.  |e (ed.) 
245 1 0 |a Intoxicaciones alimentarias de etiología microbiana /  |c Ed. de A.R. Eley ; tr. por Juan Luis de la Fuente. 
264 4 |a Zaragoza, España :  |b Acribia,  |c 1994, c1994 
300 |a XII, 208 p. 
336 |a texto  |b txt  |2 rdacontenido 
337 |a sin mediación  |b n  |2 rdamedio 
338 |a volumen  |b nc  |2 rdasoporte 
500 |a Traducción de: Microbial Food Poisoning 
520 |a Contenido: Introducción; Intoxicación alimentaria de origen bacteriano y de carácter infeccioso; Intoxicación alimentaria de origen microbiano y de carácter tóxico; Otras bacterias patógenas; Hongos micotoxigénicos; Virus y protozoos; Diagnóstico laboratorial; Epidemiología; Control microbiológicos de la producción de alimentos; Seguridad alimentaría y legislación; Apéndices. 
649 |a XX 
650 |a Intoxicación por Alimentos -  |x Tema Principal 
650 |a Microbiología de Alimentos 
650 |a Alimentos Contaminados 
650 |a Envenenamiento 
650 |a Control de Alimentos 
650 |a Química Sanitaria 
650 |a Enfermedades -  |x Causas 
650 |a Microbiología de Alimentos 
910 |a Fondo General 
920 |a Impresos - Libros 
930 |a Colección General 
905 |a 101 
901 |a 0500124808  |b IT1  |c ACC  |u 20250521 
902 |a https://opac.biblio.iteso.mx/vufind/Record/000184150